| 000 | 00640nam a2200205 i 4500 | ||
|---|---|---|---|
| 001 | 34722 | ||
| 003 | ES-MaACL | ||
| 005 | 20250925165629.0 | ||
| 007 | t| | ||
| 008 | 030207s1962 sp ||||1| spa d | ||
| 100 | 1 |
_aBleuler, E. _929482 |
|
| 245 | 1 | 0 |
_aAfectividad, sugestibilidad, paranoia / _cE. Bleuler ; versión española por Bartolomé Llopis. |
| 260 |
_aMadrid : _bMorata, _c[1962] |
||
| 300 |
_a186 p. ; _c22 cm. |
||
| 650 | 4 |
_aPsicopatología. _916577 |
|
| 650 | 0 | 7 |
_aPsiquiatría _2embne _916586 |
| 700 | 1 |
_aLlopis, Bartolomé, _d1905-1966 _972825 |
|
| 852 |
_aES-MaACL _jC-21305 _bR.49754 |
||
| 999 |
_c34722 _d34722 |
||